Design of Machine elements (Record no. 36312)
[ view plain ]
| 000 -LEADER | |
|---|---|
| fixed length control field | 00410nam a22001697a 4500 |
| 003 - CONTROL NUMBER IDENTIFIER | |
| control field | OSt |
| 005 - DATE AND TIME OF LATEST TRANSACTION | |
| control field | 20260202123539.0 |
| 007 - PHYSICAL DESCRIPTION FIXED FIELD--GENERAL INFORMATION | |
| fixed length control field | 1005 pages |
| 008 - FIXED-LENGTH DATA ELEMENTS--GENERAL INFORMATION | |
| fixed length control field | 260202b |||||||| |||| 00| 0 eng d |
| 020 ## - INTERNATIONAL STANDARD BOOK NUMBER | |
| International Standard Book Number | 9789390177479 |
| 040 ## - CATALOGING SOURCE | |
| Transcribing agency | |
| 082 ## - DEWEY DECIMAL CLASSIFICATION NUMBER | |
| Edition number | 5 |
| Classification number | 621.815 |
| Item number | BHA |
| 245 ## - TITLE STATEMENT | |
| Title | Design of Machine elements |
| Statement of responsibility, etc. | Bhandari,V.B |
| 250 ## - EDITION STATEMENT | |
| Edition statement | 5 |
| 260 ## - PUBLICATION, DISTRIBUTION, ETC. | |
| Name of publisher, distributor, etc. | Mcgraw Hill |
| Date of publication, distribution, etc. | 2021 |
| 942 ## - ADDED ENTRY ELEMENTS (KOHA) | |
| Source of classification or shelving scheme | Dewey Decimal Classification |
| Koha item type | BOOK |
| Edition | 5 |
| Call number prefix | 621.815 |
| Call number suffix | BHA |
| Suppress in OPAC | No |
| Withdrawn status | Lost status | Source of classification or shelving scheme | Damaged status | Not for loan | Collection | Home library | Current library | Date acquired | Cost, normal purchase price | Inventory number | Total Checkouts | Full call number | Barcode | Date last seen | Price effective from | Koha item type | Date last checked out |
|---|---|---|---|---|---|---|---|---|---|---|---|---|---|---|---|---|---|
| Dewey Decimal Classification | MECHANICAL | Fr. Agnel's C.Rodrigues College of Engineering | Fr. Agnel's C.Rodrigues College of Engineering | 02/02/2026 | 1295.00 | AO/26/1/1025 dt 23.01.2026 | 621.815/BHA | 27090 | 02/02/2026 | 02/02/2026 | BOOK | ||||||
| Dewey Decimal Classification | MECHANICAL | Fr. Agnel's C.Rodrigues College of Engineering | Fr. Agnel's C.Rodrigues College of Engineering | 02/02/2026 | 1295.00 | AO/26/1/1025 dt 23.01.2026 | 1 | 621.815/BHA | 27091 | 16/03/2026 | 02/02/2026 | BOOK | 16/03/2026 |